[Event "Wch U14 rapid"]
[Site "Terme Catez"]
[Date "2024.12.16"]
[Round "11"]
[White "Nguyen, Nam Kiet"]
[Black "Dotzer, Lukas"]
[Result "1-0"]
[WhiteElo "2106"]
[BlackElo "2331"]
[PlyCount "91"]
[EventDate "2024.12.14"]
[EventType "swiss (rapid)"]
[EventRounds "11"]
[EventCountry "SLO"]
[SourceTitle "CB51_2024"]
[SourceDate "2024.12.18"]
[SourceVersion "1"]
[SourceVersionDate "2024.12.18"]
[SourceQuality "1"]

1. d4 Nf6 2. Nf3 d5 3. Nbd2 c5 4. e3 cxd4 5. exd4 Qc7 6. Bd3 Nc6 7. c3 Bg4 8. 0-0 e6 9. Re1 Bd6 10. Nf1 0-0 11. Bg5 Nd7 12. Bh4 h6 13. h3 Bxf3 14. Qxf3 a6 15. Ng3 Be7 16. Bxe7 Nxe7 17. Nh5 Kh8 18. Re3 g6 19. Nf4 Nf5 20. Re2 Nh4 21. Qg4 Qd8 22. g3 Nf5 23. Rae1 Nf6 24. Qf3 Rg8 25. Ng2 Nd6 26. Qe3 Kh7 27. f3 b5 28. g4 Nc4 29. Qc1 Rc8 30. h4 h5 31. Nf4 Kh8 32. Nxe6 fxe6 33. Rxe6 Rc7 34. Qf4 Rf8 35. Qh6+ Nh7 36. g5 Rg7 37. Bxg6 Nd2 38. Re8 Nxf3+ 39. Kh1 Nxe1 40. Rxd8 Rxd8 41. Bxh7 Rf8 42. Bf5+ Kg8 43. Be6+ Rff7 44. g6 Kf8 45. Bxf7 Nf3 46. Qh8+ 1-0

[Event "Wch U14 blitz"]
[Site "Terme Catez"]
[Date "2024.12.16"]
[Round "16"]
[White "Nguyen, Nam Kiet"]
[Black "Haug, Havard"]
[Result "1-0"]
[WhiteElo "2076"]
[BlackElo "2421"]
[PlyCount "101"]
[EventDate "2024.12.16"]
[EventType "swiss (blitz)"]
[EventRounds "22"]
[EventCountry "SLO"]
[SourceTitle "CB51_2024"]
[SourceDate "2024.12.18"]
[SourceVersion "1"]
[SourceVersionDate "2024.12.18"]
[SourceQuality "1"]

1. d4 g6 2. e4 Bg7 3. Nf3 c6 4. Bd3 d5 5. Nbd2 dxe4 6. Nxe4 Nf6 7. Nxf6+ exf6 8. 0-0 0-0 9. h3 Nd7 10. c4 f5 11. Qc2 Nf6 12. Bf4 Be6 13. Be5 Rc8 14. a4 Nh5 15. Rfe1 Bxe5 16. Rxe5 Qf6 17. Rae1 Rcd8 18. b4 Rd7 19. Bf1 Rfd8 20. Qc1 Rxd4 21. Nxd4 Rxd4 22. b5 Kg7 23. Qc3 Qd8 24. Rd5 cxd5 25. Qxd4+ Nf6 26. cxd5 Bxd5 27. Qxa7 Be4 28. Qe3 Qa5 29. Ra1 Qb4 30. Qa3 Qa5 31. Rc1 Nd5 32. Qa1+ Kh6 33. Qd4 Nb4 34. Qd2+ Kg7 35. Rc4 Nc6 36. Qb2+ Kh6 37. bxc6 bxc6 38. Qc1+ g5 39. Rxc6+ Bxc6 40. Qxc6+ Kg7 41. Qb5 Qd2 42. Qxf5 h5 43. a5 f6 44. a6 Qa2 45. Qb5 g4 46. hxg4 hxg4 47. Qc4 Qa3 48. Qxg4+ Kh7 49. Qh5+ Kg7 50. Qg4+ Kh7 51. Qh3+ 1-0

[Event "Wch U14 blitz"]
[Site "Terme Catez"]
[Date "2024.12.16"]
[Round "18"]
[White "Nguyen, Nam Kiet"]
[Black "Shevchenko, Yaroslav"]
[Result "0-1"]
[WhiteElo "2076"]
[BlackElo "2179"]
[PlyCount "103"]
[EventDate "2024.12.16"]
[EventType "swiss (blitz)"]
[EventRounds "22"]
[EventCountry "SLO"]
[SourceTitle "CB51_2024"]
[SourceDate "2024.12.18"]
[SourceVersion "1"]
[SourceVersionDate "2024.12.18"]
[SourceQuality "1"]

1. d4 d5 2. Nf3 e6 3. Nbd2 Nf6 4. e3 c5 5. Bb5+ Bd7 6. Bd3 Nc6 7. c3 Bd6 8. 0-0 0-0 9. dxc5 Bxc5 10. e4 dxe4 11. Nxe4 Be7 12. Nfg5 Nxe4 13. Nxe4 Ne5 14. Bc2 Bc6 15. Qh5 Ng6 16. Ng5 Bxg5 17. Qxg5 Qxg5 18. Bxg5 f6 19. Be3 Rfd8 20. Rad1 Kf7 21. f4 Ne7 22. Kf2 Nd5 23. g4 h6 24. Bd2 Bb5 25. Rfe1 Rac8 26. Re4 Nc7 27. Be3 Nd5 28. a4 Nxe3 29. Kxe3 Bc6 30. Red4 Ke7 31. h4 Rxd4 32. Rxd4 g5 33. fxg5 fxg5 34. hxg5 hxg5 35. c4 a5 36. b3 Rh8 37. Rd2 Rh3+ 38. Kd4 b6 39. c5 bxc5+ 40. Kxc5 Bd5 41. b4 Rc3+ 42. Kb5 axb4 43. Kxb4 Rc4+ 44. Kb5 Rxg4 45. a5 Rh4 46. a6 Rh8 47. a7 g4 48. Rd3 Rg8 49. Rg3 Kf6 50. Bd1 Kf5 51. Kc5 Kf4 52. Rd3 0-1

[Event "Wch U14 blitz"]
[Site "Terme Catez"]
[Date "2024.12.16"]
[Round "7"]
[White "Nguyen, Nam Kiet"]
[Black "Tudor, Henry Edward"]
[Result "0-1"]
[WhiteElo "2076"]
[BlackElo "2172"]
[PlyCount "87"]
[EventDate "2024.12.16"]
[EventType "swiss (blitz)"]
[EventRounds "22"]
[EventCountry "SLO"]
[SourceTitle "CB51_2024"]
[SourceDate "2024.12.18"]
[SourceVersion "1"]
[SourceVersionDate "2024.12.18"]
[SourceQuality "1"]

1. d4 Nf6 2. Nf3 e6 3. Nbd2 d5 4. e3 c5 5. Bb5+ Bd7 6. Bd3 Nc6 7. c3 Bd6 8. 0-0 0-0 9. dxc5 Bxc5 10. e4 dxe4 11. Nxe4 Be7 12. Nfg5 Nxe4 13. Nxe4 Ne5 14. Bc2 Bb5 15. Qh5 f5 16. Ng5 Bxg5 17. Bxg5 Qe8 18. Qxe8 Rfxe8 19. Rfe1 Nd3 20. Re3 Nc5 21. b4 Nd7 22. Bb3 Nf8 23. c4 Bd7 24. Bf4 Kf7 25. Rd1 Rad8 26. Bc7 Rc8 27. Be5 a6 28. Rd6 Bc6 29. h4 Ng6 30. h5 Nxe5 31. Rxe5 Rcd8 32. Rxd8 Rxd8 33. c5 Bd5 34. Bxd5 Rxd5 35. Rxd5 exd5 36. f4 Ke6 37. Kf2 d4 38. Ke2 g6 39. hxg6 hxg6 40. Kd3 Kd5 41. g3 a5 42. bxa5 Kxc5 43. a3 Kd5 44. a4 0-1

[Event "Wch U14 rapid"]
[Site "Terme Catez"]
[Date "2024.12.15"]
[Round "6"]
[White "Nguyen, Nam Kiet"]
[Black "Dinh, Nho Kiet"]
[Result "1-0"]
[WhiteElo "2106"]
[BlackElo "2189"]
[PlyCount "107"]
[EventDate "2024.12.14"]
[EventType "swiss (rapid)"]
[EventRounds "11"]
[EventCountry "SLO"]
[SourceTitle "CB51_2024"]
[SourceDate "2024.12.18"]
[SourceVersion "1"]
[SourceVersionDate "2024.12.18"]
[SourceQuality "1"]

1. d4 Nf6 2. Nf3 e6 3. Nbd2 d5 4. e3 c5 5. Bb5+ Nc6 6. 0-0 a6 7. Bxc6+ bxc6 8. c4 Bd7 9. Qe2 Be7 10. dxc5 Bxc5 11. e4 0-0 12. e5 Ne8 13. Nb3 Be7 14. Be3 Nc7 15. Rac1 Rb8 16. Ba7 Rb7 17. Bc5 Re8 18. Bd6 dxc4 19. Nc5 Rb5 20. Rxc4 Nd5 21. a4 Rb6 22. a5 Rb5 23. Nd4 Bxd6 24. exd6 Rb8 25. Nxa6 Ra8 26. Nxc6 Bxc6 27. Rxc6 Qxa5 28. Nc7 Nxc7 29. dxc7 Rec8 30. Rfc1 h6 31. g3 Qb4 32. R1c4 Qb7 33. Qd2 Kh7 34. Qd3+ f5 35. Rc1 Qxb2 36. Re1 Ra2 37. Qf3 Qb7 38. Rexe6 Qb1+ 39. Kg2 Ra1 40. Re1 Qxe1 41. Qxf5+ Kg8 42. Qxc8+ Kf7 43. Qf5+ Ke7 44. Re6+ Qxe6 45. Qxe6+ Kxe6 46. c8Q+ Kf7 47. Qc3 Ra7 48. Qc4+ Kf8 49. Qc5+ Re7 50. f4 Kf7 51. h4 Rd7 52. Qf5+ Ke7 53. h5 Rd6 54. Qe5+ 1-0

[Event "VIE-ch"]
[Site "Hanoi"]
[Date "2024.03.15"]
[Round "8"]
[White "Nguyen, Nam Kiet"]
[Black "Nguyen, Hoang Duc"]
[Result "1/2-1/2"]
[WhiteElo "1997"]
[BlackElo "2027"]
[PlyCount "104"]
[EventDate "2024.03.11"]
[EventType "swiss"]
[EventRounds "9"]
[EventCountry "VIE"]
[SourceTitle "CBM 219 Extra"]
[Source "ChessBase"]
[SourceDate "2024.05.31"]
[SourceVersion "1"]
[SourceVersionDate "2024.05.31"]
[SourceQuality "1"]

1. d4 Nf6 2. Nf3 g6 3. Nbd2 Bg7 4. e4 d6 5. Bd3 0-0 6. 0-0 Nh5 7. Re1 e5 8. c3 Nc6 9. dxe5 dxe5 10. Qc2 Bg4 11. b4 Qc8 12. b5 Nd8 13. h3 Bd7 14. a4 Ne6 15. Nc4 Nef4 16. Bf1 f6 17. Ne3 Bh6 18. Nh2 Kh8 19. Rd1 c5 20. Nd5 Bg7 21. Be3 b6 22. a5 Nxd5 23. Rxd5 Qc7 24. Qd2 Be6 25. Rd6 Bg8 26. Rd7 Qc8 27. Qd6 Rd8 28. Rxd8 Qxd8 29. Rd1 Qxd6 30. Rxd6 Bf8 31. Rc6 bxa5 32. Ra6 f5 33. b6 f4 34. Bc1 c4 35. Rxa5 a6 36. Ng4 Rb8 37. Rxa6 Bd6 38. b7 Bc7 39. Ra7 Kg7 40. Ba3 Ng3 41. Be7 Nxe4 42. Be2 Bd5 43. Bf3 Rxb7 44. Rxb7 Bxb7 45. Bxe4 Bxe4 46. Bf6+ Kf7 47. Bxe5 Ba5 48. Bd4 Bd3 49. f3 h5 50. Ne5+ Ke6 51. Nc6 Bc7 52. Kf2 Bd6 1/2-1/2

[Event "VIE-ch"]
[Site "Hanoi"]
[Date "2024.03.13"]
[Round "5"]
[White "Tran, Tuan Minh"]
[Black "Nguyen, Nam Kiet"]
[Result "1-0"]
[WhiteElo "2465"]
[BlackElo "1997"]
[PlyCount "61"]
[EventDate "2024.03.11"]
[EventType "swiss"]
[EventRounds "9"]
[EventCountry "VIE"]
[SourceTitle "CBM 219 Extra"]
[Source "ChessBase"]
[SourceDate "2024.05.31"]
[SourceVersion "1"]
[SourceVersionDate "2024.05.31"]
[SourceQuality "1"]

1. d4 g6 2. e4 Bg7 3. Nf3 d6 4. Bc4 Nf6 5. Qe2 0-0 6. e5 dxe5 7. dxe5 Nd5 8. h4 Nc6 9. h5 Bg4 10. Qe4 Bxf3 11. Qxf3 e6 12. hxg6 fxg6 13. Qh3 Rf5 14. f4 Kf7 15. Bxd5 Qxd5 16. Nc3 Qc4 17. g4 Nb4 18. Qg2 Bxe5 19. gxf5 Bxc3+ 20. bxc3 Qxc3+ 21. Kf2 Qxc2+ 22. Kg1 Qc5+ 23. Qf2 Qxf5 24. Rxh7+ Kg8 25. Rh4 Nc2 26. Bb2 Nxa1 27. Qd4 e5 28. Qd5+ Kf8 29. Rh8+ Ke7 30. Rh7+ Ke8 31. Qg8+ 1-0

[Event "VIE-ch"]
[Site "Hanoi"]
[Date "2024.03.12"]
[Round "3"]
[White "Nguyen, Minh1"]
[Black "Nguyen, Nam Kiet"]
[Result "0-1"]
[WhiteElo "1649"]
[BlackElo "1997"]
[PlyCount "62"]
[EventDate "2024.03.11"]
[EventType "swiss"]
[EventRounds "9"]
[EventCountry "VIE"]
[SourceTitle "CBM 219 Extra"]
[Source "ChessBase"]
[SourceDate "2024.05.31"]
[SourceVersion "1"]
[SourceVersionDate "2024.05.31"]
[SourceQuality "1"]

1. d4 Nf6 2. c4 g6 3. Nc3 d5 4. Nf3 Bg7 5. Bf4 0-0 6. e3 c5 7. dxc5 Ne4 8. Rc1 Nxc3 9. bxc3 dxc4 10. Bxc4 Qxd1+ 11. Kxd1 Nd7 12. c6 bxc6 13. Ke2 e5 14. Bg3 Nb6 15. Bb3 Ba6+ 16. c4 Rae8 17. Rhd1 f5 18. Ke1 c5 19. h4 f4 20. Bh2 e4 21. Ng5 Be5 22. g3 fxe3 23. fxe3 Bc7 24. Ke2 Bc8 25. Rf1 Rxf1 26. Rxf1 Bg4+ 27. Kd2 h6 28. Nh7 Kg7 29. Rf6 Be6 30. Bc2 Nxc4+ 31. Kc1 Be5 0-1

[Event "VIE-ch"]
[Site "Hanoi"]
[Date "2024.03.11"]
[Round "2"]
[White "Nguyen, Nam Kiet"]
[Black "Dang, Hoang Son"]
[Result "0-1"]
[WhiteElo "1997"]
[BlackElo "2333"]
[PlyCount "106"]
[EventDate "2024.03.11"]
[EventType "swiss"]
[EventRounds "9"]
[EventCountry "VIE"]
[SourceTitle "CBM 219 Extra"]
[Source "ChessBase"]
[SourceDate "2024.05.31"]
[SourceVersion "1"]
[SourceVersionDate "2024.05.31"]
[SourceQuality "1"]

1. d4 Nf6 2. Nf3 b6 3. Nbd2 Bb7 4. e3 g6 5. Bd3 Bg7 6. 0-0 0-0 7. Re1 c5 8. dxc5 bxc5 9. e4 Nc6 10. h3 Qc7 11. c3 Rad8 12. e5 Nd5 13. Nc4 Nb6 14. Bf4 d5 15. exd6 exd6 16. Qe2 Nxc4 17. Bxc4 Na5 18. Bb5 Qb6 19. Nh2 d5 20. Rad1 a6 21. Bd3 d4 22. c4 Qc6 23. Nf3 Qa4 24. b3 Qd7 25. Ne5 Qc8 26. Qd2 Nc6 27. Ng4 f5 28. Nh6+ Kh8 29. Re2 Qd7 30. Rde1 Rde8 31. a3 Nd8 32. Be5 Re6 33. Bxg7+ Kxg7 34. Qg5 Rxe2 35. Rxe2 Nc6 36. h4 Qd8 37. Nxf5+ Rxf5 38. Qxd8 Nxd8 39. Bxf5 gxf5 40. Re7+ Kf8 41. Re5 Be4 42. f3 Bc2 43. Kf2 Kf7 44. Rxc5 Ne6 45. Rc6 Bxb3 46. Rxa6 Bxc4 47. Ra4 Bb3 48. Rb4 Bc2 49. a4 d3 50. Ke3 Nc5 51. Rb5 Nb3 52. Rxb3 Bxb3 53. Kxd3 Bxa4 0-1

[Event "VIE-ch"]
[Site "Hanoi"]
[Date "2024.03.11"]
[Round "1"]
[White "Tran, Tri Duc"]
[Black "Nguyen, Nam Kiet"]
[Result "0-1"]
[WhiteElo "1447"]
[BlackElo "1997"]
[PlyCount "58"]
[EventDate "2024.03.11"]
[EventType "swiss"]
[EventRounds "9"]
[EventCountry "VIE"]
[SourceTitle "CBM 219 Extra"]
[Source "ChessBase"]
[SourceDate "2024.05.31"]
[SourceVersion "1"]
[SourceVersionDate "2024.05.31"]
[SourceQuality "1"]

1. d4 Nf6 2. Bf4 g6 3. e3 Bg7 4. Bc4 0-0 5. Nf3 d5 6. Bd3 c5 7. c4 cxd4 8. exd4 Nc6 9. h3 Qb6 10. Qb3 Nxd4 11. Nxd4 Qxd4 12. Be3 Qe5 13. 0-0 d4 14. Bd2 Qc7 15. Na3 a6 16. Nc2 e5 17. Rae1 Be6 18. a4 e4 19. Nxd4 exd3 20. Nxe6 fxe6 21. Qxd3 Rad8 22. Qc2 Rd4 23. b3 Rh4 24. Bg5 Ng4 25. f4 Bd4+ 26. Kh1 Rh5 27. Qe2 Nf2+ 28. Rxf2 Bxf2 29. Qxf2 Rxg5 0-1

[Event "Asia-ch U12"]
[Site "Al Ain"]
[Date "2023.12.16"]
[Round "4"]
[White "Chen, Zimu"]
[Black "Nguyen, Nam Kiet"]
[Result "1-0"]
[WhiteElo "2000"]
[BlackElo "2103"]
[PlyCount "94"]
[EventDate "2023.12.14"]
[EventType "swiss"]
[EventRounds "9"]
[EventCountry "UAE"]
[SourceTitle "EXT 2025"]
[Source "ChessBase"]
[SourceDate "2024.10.14"]
[SourceVersion "1"]
[SourceVersionDate "2024.10.14"]
[SourceQuality "1"]

1. d4 Nf6 2. Bg5 c5 3. Bxf6 exf6 4. Nc3 Nc6 5. dxc5 Bxc5 6. e3 0-0 7. Bd3 Bb4 8. Nge2 d5 9. 0-0 Bg4 10. h3 Bxc3 11. bxc3 Bxe2 12. Bxe2 Qd6 13. Rb1 Rab8 14. c4 d4 15. c3 d3 16. Bxd3 Qc7 17. Qa4 Ne5 18. Rfd1 Rfd8 19. Be2 b6 20. Rd4 Nc6 21. Rxd8+ Rxd8 22. Rd1 Rxd1+ 23. Bxd1 g6 24. Bf3 Ne5 25. Bd5 Qd7 26. Qc2 b5 27. Qe4 Qc7 28. cxb5 Qxc3 29. g4 Kg7 30. Qd4 Qe1+ 31. Kg2 g5 32. Qxa7 Qd1 33. Qd4 Nd3 34. Be4 Ne1+ 35. Kf1 Nd3+ 36. Kg2 Ne1+ 37. Kh2 Qe2 38. Kg1 Qxb5 39. Qd2 Qe5 40. Qxe1 Qxe4 41. Qa5 Qf3 42. Qf5 Qxh3 43. a4 h5 44. a5 hxg4 45. a6 Qh8 46. Qe4 g3 47. fxg3 Qd8 1-0

[Event "Asia-ch U12"]
[Site "Al Ain"]
[Date "2023.12.16"]
[Round "3"]
[White "Nguyen, Nam Kiet"]
[Black "Syed, Abdul Khader"]
[Result "1-0"]
[WhiteElo "2103"]
[BlackElo "1909"]
[PlyCount "101"]
[EventDate "2023.12.14"]
[EventType "swiss"]
[EventRounds "9"]
[EventCountry "UAE"]
[SourceTitle "EXT 2025"]
[Source "ChessBase"]
[SourceDate "2024.10.14"]
[SourceVersion "1"]
[SourceVersionDate "2024.10.14"]
[SourceQuality "1"]

1. d4 d5 2. Nf3 Nf6 3. e3 c5 4. c3 cxd4 5. exd4 Qc7 6. Nbd2 Bf5 7. Be2 Nc6 8. 0-0 e6 9. Nh4 Bg6 10. f4 Bd6 11. g3 a6 12. Nxg6 hxg6 13. Nf3 0-0-0 14. b4 Ne4 15. Qd3 f6 16. Nd2 e5 17. dxe5 fxe5 18. Nxe4 dxe4 19. Qxe4 Kb8 20. f5 gxf5 21. Rxf5 Ne7 22. Rf3 Ng8 23. Qc4 Nf6 24. Qxc7+ Bxc7 25. c4 e4 26. Rf5 Rhe8 27. Be3 Ka8 28. a4 Be5 29. Rd1 Bc3 30. Rxd8+ Rxd8 31. b5 axb5 32. axb5 Bd4 33. Kf2 b6 34. Bxd4 Rxd4 35. Ke3 Rd7 36. g4 Re7 37. Rf4 Ra7 38. g5 Ra3+ 39. Kd4 Nd7 40. Rxe4 Nc5 41. Re3 Ra2 42. Kd5 Nb7 43. Kc6 Rd2 44. Bf3 Kb8 45. Kxb6 Rd6+ 46. Bc6 g6 47. c5 Rd1 48. Bxb7 Rd6+ 49. Bc6 Rd8 50. Ra3 Rd7 51. Ra8# 1-0

[Event "VIE-ch"]
[Site "Ha Tien"]
[Date "2023.09.17"]
[Round "9"]
[White "Nguyen, Nam Kiet"]
[Black "Tran, Ngoc Minh Duy"]
[Result "1/2-1/2"]
[WhiteElo "1890"]
[BlackElo "1666"]
[PlyCount "87"]
[EventDate "2023.09.13"]
[EventType "swiss"]
[EventRounds "9"]
[EventCountry "VIE"]
[SourceTitle "CBM 216 Extra"]
[Source "ChessBase"]
[SourceDate "2023.11.30"]
[SourceVersion "1"]
[SourceVersionDate "2023.11.30"]
[SourceQuality "1"]

1. d4 d5 2. Nf3 Nf6 3. Nbd2 e6 4. e3 c5 5. c3 Nc6 6. Bd3 Bd6 7. 0-0 0-0 8. dxc5 Bxc5 9. e4 h6 10. e5 Ng4 11. Nb3 Bb6 12. Bf4 Qc7 13. Nbd4 Ngxe5 14. Nxe5 Nxe5 15. Qe2 f6 16. Rae1 Qf7 17. Bxe5 fxe5 18. Qxe5 Bc7 19. Qe2 e5 20. Nb5 Bb8 21. c4 e4 22. Bc2 dxc4 23. Qxe4 Bf5 24. Qxf5 Qxf5 25. Bxf5 Rxf5 26. Re8+ Rf8 27. Rxf8+ Kxf8 28. Na3 c3 29. bxc3 Be5 30. Nb1 Rc8 31. Rd1 Rc6 32. Kf1 Ke7 33. Rd3 Ra6 34. a3 Bd6 35. c4 Ra4 36. Re3+ Be5 37. Rb3 b6 38. Rb4 Ra5 39. g3 Bd6 40. Rb3 Rc5 41. Rc3 Be5 42. Rc2 Bd6 43. Ke2 Ke6 44. Kd3 1/2-1/2

[Event "VIE-ch"]
[Site "Ha Tien"]
[Date "2023.09.15"]
[Round "6"]
[White "Nguyen, Xuan Vinh"]
[Black "Nguyen, Nam Kiet"]
[Result "1-0"]
[WhiteElo "2221"]
[BlackElo "1890"]
[PlyCount "67"]
[EventDate "2023.09.13"]
[EventType "swiss"]
[EventRounds "9"]
[EventCountry "VIE"]
[SourceTitle "CBM 216 Extra"]
[Source "ChessBase"]
[SourceDate "2023.11.30"]
[SourceVersion "1"]
[SourceVersionDate "2023.11.30"]
[SourceQuality "1"]

1. d4 Nf6 2. Bg5 c5 3. d5 d6 4. c4 g6 5. Nc3 Bg7 6. Nf3 0-0 7. e3 e6 8. Be2 exd5 9. cxd5 a6 10. a4 Bg4 11. Nd2 Bxe2 12. Qxe2 Nbd7 13. 0-0 Re8 14. Bf4 Ne5 15. h3 Nfd7 16. Bg3 f5 17. a5 Rc8 18. Ra4 h6 19. Kh1 Qf6 20. f4 Nf7 21. Qf2 Qd8 22. e4 Bd4 23. Qf3 Nf6 24. Bh4 Qd7 25. Rxd4 cxd4 26. Bxf6 dxc3 27. Bxc3 fxe4 28. Qe3 Qf5 29. Bd4 Qxd5 30. Re1 Kf8 31. Nxe4 Qf5 32. g4 Qd5 33. Kg2 Re6 34. Qd3 1-0

[Event "VIE-ch U11"]
[Site "Ho Chi Minh City"]
[Date "2022.07.14"]
[Round "5"]
[White "Nguyen, Nam Kiet"]
[Black "Nguyen, Nghia Gia Binh"]
[Result "1/2-1/2"]
[WhiteElo "2371"]
[BlackElo "2370"]
[PlyCount "116"]
[EventDate "2022.07.11"]
[EventType "swiss"]
[EventRounds "9"]
[EventCountry "VIE"]
[SourceTitle "EXT 2023"]
[Source "ChessBase"]
[SourceDate "2022.10.05"]
[SourceVersion "1"]
[SourceVersionDate "2022.10.05"]
[SourceQuality "1"]

1. e4 e6 2. d4 d5 3. Nc3 Nf6 4. Bg5 Be7 5. e5 Nfd7 6. Bxe7 Qxe7 7. f4 a6 8. Nf3 c5 9. dxc5 Nxc5 10. Bd3 Nc6 11. Qd2 Bd7 12. 0-0 Rc8 13. Ne2 0-0 14. a3 f6 15. exf6 Qxf6 16. b4 Nxd3 17. Qxd3 Be8 18. c3 Bg6 19. Qe3 Rce8 20. Ned4 Qxf4 21. Qxf4 Rxf4 22. Nxc6 bxc6 23. Nd4 Re4 24. Rfe1 e5 25. Nxc6 Kf7 26. Rxe4 Bxe4 27. Re1 Ke6 28. c4 Kd6 29. b5 Bd3 30. Nxe5 Be4 31. Nf7+ Kc5 32. bxa6 dxc4 33. a7 c3 34. Nd6 Kxd6 35. Rxe4 Rc8 36. Rc4 Rxc4 37. a8Q c2 38. Qf8+ Kc6 39. Qf3+ Kc5 40. Qe3+ Rd4 41. Kf2 Kc4 42. Ke2 Rd1 43. Qe4+ Kb3 44. Qb4+ Ka2 45. Qa4 Kb2 46. h3 h6 47. g4 g5 48. Qb4+ Ka2 49. Qc4+ Kb2 50. Qa4 Rb1 51. Qb4+ Ka2 52. Qd2 Kb3 53. Qd5+ Kb2 54. Qe5+ Ka2 55. Qd5+ Kb2 56. Qb5+ Ka2 57. Qc4+ Kb2 58. Qd4+ Ka2 1/2-1/2

[Event "VIE-ch U11"]
[Site "Ho Chi Minh City"]
[Date "2022.07.12"]
[Round "2"]
[White "Pham, Huy Duc"]
[Black "Nguyen, Nam Kiet"]
[Result "0-1"]
[WhiteElo "2366"]
[BlackElo "2371"]
[PlyCount "80"]
[EventDate "2022.07.11"]
[EventType "swiss"]
[EventRounds "9"]
[EventCountry "VIE"]
[SourceTitle "EXT 2023"]
[Source "ChessBase"]
[SourceDate "2022.10.05"]
[SourceVersion "1"]
[SourceVersionDate "2022.10.05"]
[SourceQuality "1"]

1. e4 d6 2. d4 Nf6 3. Nc3 g6 4. Bg5 Bg7 5. Nf3 0-0 6. Bd3 a6 7. a4 b6 8. 0-0 h6 9. Bf4 e6 10. Qe2 g5 11. Bg3 Nh5 12. Qe3 Nc6 13. e5 Nxg3 14. hxg3 f5 15. exf6 Qxf6 16. d5 Ne5 17. Nd2 Nxd3 18. Qxd3 Qd4 19. Qxd4 Bxd4 20. Nde4 exd5 21. Nxd5 Rf7 22. c3 Bg7 23. Ne3 Bb7 24. Nd2 Raf8 25. f3 h5 26. Kf2 a5 27. Rh1 h4 28. gxh4 d5 29. Nb3 c5 30. hxg5 d4 31. cxd4 cxd4 32. Nc2 Bxf3 33. Ncxd4 Bb7+ 34. Ke3 Re8+ 35. Kd3 Ba6+ 36. Kc2 Rc8+ 37. Kb1 Bd3+ 38. Ka2 Rc4 39. Nb5 Rxa4+ 40. Na3 Rf2 0-1

[Event "VIE-chT"]
[Site "Hanoi"]
[Date "2022.04.02"]
[Round "9.12"]
[White "Lu, Chan Hung"]
[Black "Nguyen, Nam Kiet"]
[Result "0-1"]
[WhiteElo "2174"]
[BlackElo "1523"]
[PlyCount "74"]
[EventDate "2022.03.28"]
[EventType "swiss"]
[EventRounds "9"]
[EventCountry "VIE"]
[SourceTitle "EXT 2023"]
[Source "ChessBase"]
[SourceDate "2022.10.05"]
[SourceVersion "1"]
[SourceVersionDate "2022.10.05"]
[SourceQuality "1"]

1. c4 Nf6 2. Nf3 g6 3. g3 Bg7 4. Bg2 0-0 5. Nc3 d6 6. d3 e5 7. Bd2 Re8 8. e4 Nc6 9. Qc1 Bg4 10. Bh6 Bxf3 11. Bxf3 Nd4 12. Bd1 Qd7 13. h4 c6 14. h5 d5 15. Bxg7 Kxg7 16. cxd5 cxd5 17. hxg6 fxg6 18. Qh6+ Kg8 19. exd5 Re7 20. Rc1 Rf8 21. Ne4 Nxd5 22. 0-0 Nb4 23. Rc4 Nbc6 24. g4 Nf3+ 25. Kg2 Qxg4+ 26. Ng3 Ncd4 27. Bb3 Ref7 28. Rxd4 Nxd4 29. Bxf7+ Rxf7 30. Qe3 Nf5 31. Qxa7 Nh4+ 32. Kh2 Qf3 33. Kh3 Qg2+ 34. Kxh4 Rf4+ 35. Kg5 Rf5+ 36. Kh4 Qh2+ 37. Kg4 Rf4+ 0-1

[Event "Hanoi op 12"]
[Site "Hanoi"]
[Date "2022.??.??"]
[Round "8"]
[White "Nguyen, Nam Kiet"]
[Black "Luong, Duy Loc"]
[Result "1-0"]
[WhiteElo "1641"]
[BlackElo "1767"]
[PlyCount "45"]
[EventDate "2022.12.11"]
[EventType "swiss"]
[EventRounds "9"]
[EventCountry "VIE"]
[SourceTitle "CBM 211 Extra"]
[Source "ChessBase"]
[SourceDate "2023.01.31"]
[SourceVersion "1"]
[SourceVersionDate "2023.01.31"]
[SourceQuality "1"]

1. d4 d5 2. Nf3 Nf6 3. e3 c6 4. c4 Bg4 5. cxd5 Bxf3 6. Qxf3 cxd5 7. Nc3 e6 8. Bd3 Bb4 9. Bd2 0-0 10. a3 Ba5 11. 0-0 Nc6 12. Rfc1 Rc8 13. b4 Bc7 14. Na4 e5 15. Bf5 e4 16. Qd1 Rb8 17. b5 Na5 18. Bb4 Bd6 19. Nb2 a6 20. Qa4 b6 21. bxa6 Bxb4 22. axb4 Nc4 23. Nxc4 1-0

[Event "Hanoi op 12"]
[Site "Hanoi"]
[Date "2022.??.??"]
[Round "7"]
[White "Nguyen, Nam Kiet"]
[Black "Nguyen, Khuong Duy"]
[Result "0-1"]
[WhiteElo "1641"]
[BlackElo "1895"]
[PlyCount "74"]
[EventDate "2022.12.11"]
[EventType "swiss"]
[EventRounds "9"]
[EventCountry "VIE"]
[SourceTitle "CBM 211 Extra"]
[Source "ChessBase"]
[SourceDate "2023.01.31"]
[SourceVersion "1"]
[SourceVersionDate "2023.01.31"]
[SourceQuality "1"]

1. d4 d5 2. Nf3 Nf6 3. e3 Bf5 4. c4 e6 5. Nc3 Be7 6. Qb3 b6 7. cxd5 Nxd5 8. Nxd5 exd5 9. Bd2 0-0 10. Bd3 Bxd3 11. Qxd3 c5 12. dxc5 bxc5 13. 0-0 Nc6 14. Rfd1 Qd6 15. Rac1 Rfd8 16. e4 d4 17. Rc4 Rab8 18. b3 Qe6 19. Rdc1 Rb6 20. Ra4 Rd7 21. Re1 h6 22. g3 g5 23. Ba5 Rbb7 24. Nd2 Ne5 25. Qf1 f5 26. f3 f4 27. Nc4 fxg3 28. hxg3 Bd6 29. Kg2 Rf7 30. Nxe5 Qxe5 31. Qf2 c4 32. Rd1 g4 33. f4 Qxe4+ 34. Kg1 Rb5 35. Rxc4 Rh5 36. Qg2 Qe3+ 37. Kf1 Bxf4 0-1

[Event "Hanoi op 12"]
[Site "Hanoi"]
[Date "2022.??.??"]
[Round "4"]
[White "Nguyen, Nam Kiet"]
[Black "Nguyen, Van Nhat Linh"]
[Result "1-0"]
[WhiteElo "1641"]
[BlackElo "1963"]
[PlyCount "70"]
[EventDate "2022.12.11"]
[EventType "swiss"]
[EventRounds "9"]
[EventCountry "VIE"]
[SourceTitle "CBM 211 Extra"]
[Source "ChessBase"]
[SourceDate "2023.01.31"]
[SourceVersion "1"]
[SourceVersionDate "2023.01.31"]
[SourceQuality "1"]

1. d4 Nf6 2. Nf3 g6 3. e3 Bg7 4. Bd3 d5 5. 0-0 0-0 6. Nbd2 b6 7. c4 Bb7 8. cxd5 Nxd5 9. Qe2 Nb4 10. Bc4 Ba6 11. a3 Bxc4 12. Qxc4 Nd5 13. b4 Nf6 14. Bb2 Nbd7 15. Rac1 Rc8 16. Qa6 c5 17. Qxa7 Ra8 18. Qb7 cxb4 19. axb4 Ra2 20. Rc2 Qa8 21. Qc7 Nd5 22. Qxd7 Nxb4 23. Rfc1 Nxc2 24. Rxc2 Rd8 25. Qc7 Rd6 26. h4 Bf8 27. h5 h6 28. hxg6 Rxg6 29. e4 Kh7 30. Qc4 e6 31. Qc7 Qa7 32. Qd8 Ba3 33. Rc8 Rg7 34. Ne5 Bf8 35. Qxf8 Ra4 1-0

[Event "Eastern Asia-ch U10"]
[Site "Tornelo INT"]
[Date "2021.10.31"]
[Round "8"]
[White "Akhil, Prasad Sri"]
[Black "Nguyen, Nam Kiet"]
[Result "0-1"]
[WhiteElo "1096"]
[BlackElo "1468"]
[PlyCount "78"]
[EventDate "2021.10.29"]
[EventType "swiss"]
[EventRounds "9"]
[EventCountry "NET"]
[SourceTitle "EXT 2023"]
[Source "ChessBase"]
[SourceDate "2022.10.05"]
[SourceVersion "1"]
[SourceVersionDate "2022.10.05"]
[SourceQuality "1"]

1. e4 c5 2. Nf3 d6 3. d4 cxd4 4. Nxd4 Nf6 5. Nc3 g6 6. Be3 Bg7 7. f3 0-0 8. Qd2 Nc6 9. g4 Bd7 10. 0-0-0 Ne5 11. h4 Qa5 12. h5 Rfc8 13. hxg6 fxg6 14. Kb1 Nc4 15. Bxc4+ Rxc4 16. Nb3 Qc7 17. Bh6 Bxh6 18. Qxh6 Rxc3 19. bxc3 Qxc3 20. e5 Rc8 21. Qh2 dxe5 22. Rd3 Qc7 23. Rhd1 e4 24. Qxc7 Rxc7 25. fxe4 Bxg4 26. e5 Bxd1 27. Rxd1 Nd7 28. e6 Nf6 29. Rd8+ Kg7 30. Ra8 b6 31. Nd4 Rc4 32. Nf3 a5 33. Ra7 Nd5 34. Rd7 Nc3+ 35. Kb2 Kf6 36. Kb3 b5 37. Nd4 Ne4 38. Rd8 Nc5+ 39. Kb2 Nxe6 0-1